Completa il Proverbio - Quiz n°4 - Statistics

Statistiche generali
  • Questo quiz è stato fatto 470 volte
  • Il punteggio medio è 13 su 15
Statistiche sulle risposte
Proverbio Parola mancante % Corretto
Rosso di sera bel ____ si spera Tempo
99%
Chi cerca, ____ Trova
99%
Patti chiari ______ lunga Amicizia
98%
Il ___ è il miglior amico dell'uomo Cane
98%
Oggi a me ______ a te Domani
98%
Quello che puoi fare oggi, non rimandarlo a _____ Domani
98%
Meglio l'uovo oggi che la _____ domani Gallina
98%
L'apparenza _______ Inganna
98%
Fidarsi è bene, non fidarsi è _____ Meglio
97%
Chi di spada ferisce di spada ______ Perisce
91%
Il diavolo fa le pentole ma non i ________ Coperchi
80%
Errare è umano, ________ è diabolico Perseverare
80%
Dio li fa e poi li ______ Accoppia
67%
L'amore è ____ Cieco
61%
Ne uccide più la _____ che la spada Lingua
38%
Nessun quiz corrispondente trovato
Distribuzione punteggi
Percentuale di utenti per punteggio
Percentile per numero di risposta
I tuoi punteggi nel tempo
Non hai fatto questo quiz